| 000 | 004620000a22001810004500 | ||
|---|---|---|---|
| 003 | MACL | ||
| 005 | 20150802162527.0 | ||
| 008 | 150802b xxu||||| |||| 00| 0 eng d | ||
| 040 |
_aMACL _cMACL |
||
| 041 | _aEnglish | ||
| 082 | _a398/SAR | ||
| 100 |
_aSarma Ashok _94440 |
||
| 245 |
_aFolk Culture Of The Misings Of Assam _bTradition And Change |
||
| 260 |
_bDecent Boks _c2004 _aNew Delhi |
||
| 350 | _a1100 | ||
| 650 |
_afolklore _94270 |
||
| 942 |
_cBK _k398 _2ddc |
||
| 999 |
_c2069 _d2069 |
||